00447nam a2200145 4500001000700000003000900007005001700016007000300033008004100036100002900077245010600106260004100212300002700253852002100280131097ES-MaACL20230906193920.0t|070214s1926 xxk r ||||1| eng d1 aRobertson, Dennis Holme.10aBanking policy and the price level b: an essay in the theory of the trade cycle / cD. H. Robertson. aLondon : bP. S. King & Son, c1926. a103 p. ; c19 x 12 cm. aES-MaACLjF-3302